Tre illustri prelati del Rinascimento : (Record n. 3334)
[ formato base ]
| 000 -LEADER | |
|---|---|
| fixed length control field | 00959nam a2200253 i 4500 |
| 003 - CONTROL NUMBER IDENTIFIER | |
| control field | IT-RoINE |
| 005 - DATE AND TIME OF LATEST TRANSACTION | |
| control field | 20201119133357.0 |
| 008 - FIXED-LENGTH DATA ELEMENTS--GENERAL INFORMATION | |
| fixed length control field | 031005s1957 it 001 bcita d |
| 040 ## - CATALOGING SOURCE | |
| Original cataloging agency | PUG |
| Transcribing agency | IT-RoINE |
| Modifying agency | IT-RoINE |
| 100 1# - MAIN ENTRY--PERSONAL NAME | |
| Personal name | Paschini, Pio, |
| Dates associated with a name | 1878-1962 |
| 9 (RLIN) | 6174 |
| 245 10 - TITLE STATEMENT | |
| Title | Tre illustri prelati del Rinascimento : |
| Remainder of title | Ermolao Barbaro, Adriano Castellesi, Giovanni Grimani / |
| Statement of responsibility, etc | Pio Paschini. |
| 260 ## - PUBLICATION, DISTRIBUTION, ETC. (IMPRINT) | |
| Place of publication, distribution, etc | Romae : |
| Name of publisher, distributor, etc | Facultas Theologica Pontificii Athenaei Lateranensis, |
| Date of publication, distribution, etc | 1957. |
| 300 ## - PHYSICAL DESCRIPTION | |
| Extent | 207 p. ; |
| Dimensions | 25 cm. |
| 336 ## - CONTENT TYPE | |
| Source | rdacontent |
| Content type term | text |
| 337 ## - MEDIA TYPE | |
| Source | rdamedia |
| Media type term | unmediated |
| 338 ## - CARRIER TYPE | |
| Source | rdacarrier |
| Carrier type term | volume |
| 490 1# - SERIES STATEMENT | |
| Series statement | Lateranum. |
| -- | Nova series ; |
| Volume number/sequential designation | an. 23, n. 1-4 |
| 500 ## - GENERAL NOTE | |
| General note | Incluye índice. |
| 600 14 - SUBJECT ADDED ENTRY--PERSONAL NAME | |
| Personal name | Barbaro, Ermolao, |
| Dates associated with a name | 1453-1493 |
| General subdivision | Biografía |
| 9 (RLIN) | 6694 |
| 600 14 - SUBJECT ADDED ENTRY--PERSONAL NAME | |
| Personal name | Castellesi, Adriano, |
| Titles and other words associated with a name | Cardenal, |
| Dates associated with a name | ca. 1458-1521 |
| 9 (RLIN) | 6695 |
| 600 14 - SUBJECT ADDED ENTRY--PERSONAL NAME | |
| Personal name | Grimani, Giovanni, |
| Dates associated with a name | ca. 1500-1593 |
| 9 (RLIN) | 6696 |
| 830 #0 - SERIES ADDED ENTRY--UNIFORM TITLE | |
| Uniform title | Lateranum. |
| Name of part/section of a work | Nova series ; |
| 9 (RLIN) | 2701 |
| Volume number/sequential designation | an. 23, n. 1-4 |
| 942 ## - ADDED ENTRY ELEMENTS (KOHA) | |
| Item type | Monografías |
| Withdrawn status | Lost status | Damaged status | Not for loan | Home library | Current library | Date acquired | Total Checkouts | Full call number | Barcode | Date last seen | Price effective from | Koha item type |
|---|---|---|---|---|---|---|---|---|---|---|---|---|
| Iglesia Nacional Española en Roma | Iglesia Nacional Española en Roma | 24/04/2014 | BIO 1354 | 3792 | 24/04/2014 | 24/04/2014 | Monografías |